000 00400nam a22001697a 4500
003 MPLRDC
005 20220104125351.0
008 210129b ||||| |||| 00| 0 eng d
020 _a7-80575-340-7
082 _a857.9 JL v.2 c.2
100 _a金龙
245 _a独傲江湖. 中
_c
260 _a
_b成都出版社
_c
300 _b
650 _a武侠小说
942 _cBK
_o857.9 JL v.2 c.2
999 _c26793
_d26783